| 000 | 00525nam a2200205Ia 4500 | ||
|---|---|---|---|
| 008 | 180628s9999 xx 000 0 und d | ||
| 020 | _a978-1-910561-71-3 | ||
| 050 | _aREF AG 243 | ||
| 050 | _b.G85 2017 | ||
| 245 | 0 | _aGuinness world records 2018 / | |
| 260 | _aLondon : | ||
| 260 | _bGuinness World Records, | ||
| 260 | _c2017 | ||
| 300 | _a255 pages : | ||
| 300 | _bcolored illustrations ; | ||
| 300 | _c31 cm. | ||
| 500 | _aIncludes index. | ||
| 650 | _aCuriousities and wonders. | ||
| 650 | _xWorld records. | ||
| 999 |
_c358132 _d358132 |
||